[Event "Deutschland"]
[Site "?"]
[Date "1994.??.??"]
[Round "?"]
[White "Chandler, M."]
[Black "Kramnik, Vladimir"]
[Result "0-1"]
[WhiteElo "2545"]
[BlackElo "2725"]
[PlyCount "114"]
[EventDate "1994.??.??"]
[Source "ChessBase"]
[SourceDate "1994.10.01"]

1. e4 c5 2. Nf3 Nc6 3. d4 cxd4 4. Nxd4 Nf6 5. Nc3 d6 6. f3 e5 7. Nb3 Be7 8. Be3 Be6 9. Nd5 Bxd5 10. exd5 Nb4 11. c4 a5 12. Be2 O-O 13. O-O Nd7 14. Qd2 b6 15. Nc1 Na6 16. b3 h6 17. a3 Bg5 18. Rb1 f5 19. Bxg5 Qxg5 20. Qxg5 hxg5 21. Na2 Kf7 22. Nc3 Nc7 23. Rfc1 Ke7 24. Bd1 Ra7 25. g3 g6 26. Bc2 Rb8 27. Bd3 Raa8 28. Re1 Rh8 29. Rbc1 Rh7 30. Nb5 Nxb5 31. cxb5 Nc5 32. Bc4 Rhh8 33. Rc3 Rhc8 34. Be2 a4 35. b4 Nb3 36. Rc6 Rab8 37. Kf2 Nd4 38. Bd3 Rh8 39. Rh1 Nxc6 40. bxc6 Kd8 41. Kg2 Kc7 42. Rc1 b5 43. Rc2 Rh7 44. Kg1 Kb6 45. Kg2 Re7 46. Re2 Rbe8 47. Bb1 e4 48. fxe4 fxe4 49. Ba2 Re5 50. Kh3 e3 51. Bb1 Rxd5 52. Bxg6 Rd2 53. Re1 Re7 54. Bh5 Rh7 55. Kg4 Rd4+ 56. Kxg5 Rd5+ 57. Kg6 Rhxh5 0-1

[Event "New York 74/237"]
[Site "?"]
[Date "1998.??.??"]
[Round "?"]
[White "Movsesian, Sergei"]
[Black "Granda Zuniga, Julio E"]
[Result "1/2-1/2"]
[WhiteElo "2595"]
[BlackElo "2630"]
[PlyCount "109"]
[EventDate "1998.??.??"]
[Source "ChessBase"]
[SourceDate "1998.10.01"]

1. e4 c5 2. Nf3 Nc6 3. d4 cxd4 4. Nxd4 Nf6 5. Nc3 d6 6. g3 Bg4 7. f3 Bd7 8. Be3 e5 9. Nb3 Be7 10. Qd2 O-O 11. O-O-O a5 12. Bb5 Nb4 13. Bxd7 Nxd7 14. a3 a4 15. axb4 axb3 16. cxb3 f5 17. Kb1 fxe4 18. fxe4 Qe8 19. Rhf1 Kh8 20. Qd3 Nf6 21. Bg5 Ng4 22. Bxe7 Qxe7 23. Nd5 Qg5 24. Nc7 Rxf1 25. Rxf1 Rg8 26. Nb5 h6 27. Nxd6 Kh7 28. h3 Ne3 29. Rf3 Rd8 30. Qxe3 Qxe3 31. Rxe3 Rxd6 32. Kc2 Rd4 33. b5 h5 34. h4 g5 35. hxg5 Kg6 36. Rc3 Kxg5 37. Rc7 Kg4 38. Rxb7 Kxg3 39. Rg7+ Kf4 40. Kc3 h4 41. Rh7 Kg3 42. b6 Rd6 43. b7 Rb6 44. Kc4 h3 45. Kc5 Rxb3 46. Kd6 Rxb2 47. Kc7 Rc2+ 48. Kd8 Rb2 49. Kc8 Rc2+ 50. Kd8 Rb2 51. Kc7 Rc2+ 52. Kd8 Rb2 53. Kc8 Rc2+ 54. Kd8 Rb2 55. Kc8 1/2-1/2

[Event "Elista (m/1) 72/(218)"]
[Site "?"]
[Date "1998.??.??"]
[Round "?"]
[White "Galkin, Alexander"]
[Black "Khalifman, Alexander"]
[Result "1/2-1/2"]
[WhiteElo "2565"]
[BlackElo "2660"]
[PlyCount "41"]
[EventDate "1998.??.??"]
[Source "ChessBase"]
[SourceDate "1998.02.01"]

1. e4 c5 2. Nf3 d6 3. d4 cxd4 4. Nxd4 Nf6 5. Nc3 Bd7 6. Be2 Nc6 7. O-O g6 8. Nb3 Bg7 9. Be3 O-O 10. Kh1 Qc8 11. f4 Bg4 12. Bg1 Rb8 13. Nd5 Bxe2 14. Qxe2 Qe6 15. Nxf6+ Bxf6 16. c3 Bg7 17. Rfe1 b5 18. Rad1 Qc4 19. Nc1 Qxe2 20. Rxe2 a5 21. Rd5 1/2-1/2

[Event "It (open)"]
[Site "Zupanja (Croatia)"]
[Date "2008.01.08"]
[Round "8"]
[White "Perunovic Milos (SRB)"]
[Black "Sedlak Nikola (SRB)"]
[Result "1-0"]
[WhiteElo "2576"]
[BlackElo "2605"]
[PlyCount "71"]
[EventDate "2008.??.??"]
[Source "www.chesslib.no"]
[SourceDate "2004.05.04"]

1. e4 c5 2. Nf3 d6 3. d4 cxd4 4. Nxd4 Nf6 5. Nc3 Bd7 6. Bg5 e6 7. Ndb5 Bc6 8. Bxf6 gxf6 9. Qh5 a6 10. Nd4 Bd7 11. O-O-O Nc6 12. Nb3 b5 13. f4 b4 14. Ne2 Qb6 15. Ned4 Nxd4 16. Nxd4 Rc8 17. Rd2 Bg7 18. f5 O-O 19. Kb1 a5 20. g4 b3 21. axb3 a4 22. fxe6 fxe6 23. Bb5 Rc5 24. Bxd7 Rxh5 25. Bxe6+ Kh8 26. gxh5 a3 27. Nf5 axb2 28. Kxb2 Ra8 29. Bd5 Ra7 30. h6 Bxh6 31. Nxh6 Qa5 32. Rg2 Qa3+ 33. Kc3 Qc5+ 34. Kd3 Rg7 35. Nf7+ Kg8 36. Nd8+ 1-0

[Event "Open"]
[Site "Kavala GRE"]
[Date "2007.08.08"]
[Round "5"]
[White "Oleksienko, M."]
[Black "Kotronias, V."]
[Result "0-1"]
[WhiteElo "2567"]
[BlackElo "2612"]
[PlyCount "68"]
[EventDate "2007.08.05"]
[Source "www.chesslib.no"]
[SourceDate "2004.05.04"]

1. e4 c5 2. Nf3 Nc6 3. d4 cxd4 4. Nxd4 Nf6 5. Nc3 d6 6. f4 e5 7. Nf3 Be7 8. Qe2 O-O 9. Be3 Bg4 10. O-O-O exf4 11. Bxf4 Nh5 12. Bd2 Rc8 13. Qf2 Nf6 14. h3 Bh5 15. Bd3 Bg6 16. Rhe1 Nb4 17. Qxa7 d5 18. Bf4 Bc5 19. Qa4 d4 20. Bb5 Qb6 21. Nxd4 Ra8 22. Qb3 Nxa2+ 23. Nxa2 Bxd4 24. e5 Rfc8 25. c3 Rxa2 26. exf6 Ra1+ 27. Kd2 Bxc3+ 28. Qxc3 Qf2+ 29. Re2 Rd8+ 30. Bd6 Rxd6+ 31. Bd3 Qf4+ 32. Re3 Rxd3+ 33. Qxd3 Bxd3 34. Rxa1 Ba6 0-1

[Event "Olympiades Calvia (36eme)"]
[Site "?"]
[Date "2004.10.23"]
[Round "8.32"]
[White "Rodriguez Andres"]
[Black "Kozul Zdenko"]
[Result "1-0"]
[WhiteElo "2533"]
[BlackElo "2640"]
[PlyCount "69"]
[EventDate "2004.??.??"]
[Source "www.chesslib.no"]
[SourceDate "2004.05.04"]

1. e4 c5 2. Nc3 Nc6 3. Nge2 d6 4. d4 cxd4 5. Nxd4 Nf6 6. f3 Qb6 7. Nb3 e6 8. Qe2 a6 9. g4 h6 10. h4 Qc7 11. Rg1 g6 12. Be3 b5 13. O-O-O Rb8 14. Kb1 Bg7 15. f4 b4 16. Na4 Nxe4 17. Bg2 Nf6 18. h5 Ne7 19. Bd4 g5 20. Bf3 Kf8 21. fxg5 hxg5 22. Qd2 Bd7 23. Qxg5 Ne8 24. Bxg7+ Nxg7 25. Nac5 dxc5 26. Nxc5 Bc8 27. Qf6 Rg8 28. Rgf1 Rb5 29. Rd7 Bxd7 30. Bc6 Be8 31. Nd7+ Qxd7 32. Bxd7 Nxh5 33. gxh5 Rf5 34. Qh6+ Rg7 35. Rg1 1-0

[Event "Srbia-chT"]
[Site "YUG"]
[Date "2000.??.??"]
[Round "?"]
[White "Zontakh, Andrey"]
[Black "Markovic, Miroslav"]
[Result "1-0"]
[WhiteElo "2576"]
[BlackElo "2586"]
[PlyCount "63"]
[EventDate "2000.??.??"]
[Source "www.chesslib.no"]
[SourceDate "2004.05.04"]

1. e4 c5 2. Nf3 d6 3. d4 cxd4 4. Nxd4 Nf6 5. Nc3 Bd7 6. f3 a6 7. Be3 e6 8. g4 h6 9. Qd2 Nc6 10. O-O-O Qc7 11. h4 Ne5 12. Rg1 g6 13. g5 hxg5 14. hxg5 Nh5 15. f4 Nc4 16. Bxc4 Qxc4 17. Nb3 b5 18. Qf2 a5 19. a3 Qc8 20. f5 Be7 21. f6 Bf8 22. Rge1 b4 23. Nd5 bxa3 24. Nb6 Qb7 25. Nxa8 Qxa8 26. bxa3 Qxe4 27. Qd2 a4 28. Nc5 Qe5 29. Qa5 Be7 30. fxe7 Kxe7 31. Qc7 Rd8 32. Nb7 1-0

[Event "34. TCh-GRE"]
[Site "?"]
[Date "2005.07.08"]
[Round "6"]
[White "Mastrovasilis Dimitrios"]
[Black "Kotronias Vasilios"]
[Result "1/2-1/2"]
[WhiteElo "2563"]
[BlackElo "2587"]
[PlyCount "30"]
[EventDate "2005.??.??"]
[Source "www.chesslib.no"]
[SourceDate "2004.05.04"]

1. e4 c5 2. Nf3 Nc6 3. d4 cxd4 4. Nxd4 Nf6 5. Nc3 d6 6. f3 e5 7. Nb3 Be7 8. Be3 O-O 9. Qd2 a5 10. Bb5 Na7 11. Be2 Nc6 12. Bb5 Na7 13. Be2 Be6 14. Rd1 Nc8 15. Qc1 Qc7 1/2-1/2

[Event "9th HIT Open"]
[Site "Nova Gorica"]
[Date "2004.02.02"]
[Round "5"]
[White "Parligras, Mircea"]
[Black "Kozul, Zdenko"]
[Result "0-1"]
[WhiteElo "2539"]
[BlackElo "2605"]
[PlyCount "100"]
[EventDate "2004.01.30"]
[Source "Roberto Alvarez"]
[SourceDate "2004.02.09"]

1. e4 c5 2. Nf3 Nc6 3. d4 cxd4 4. Nxd4 Nf6 5. Nc3 d6 6. f3 e5 7. Nb3 Be7 8. Be3 Be6 9. Nd5 Bxd5 10. exd5 Nb8 11. Qd2 a5 12. c4 O-O 13. Bd3 Nfd7 14. O-O f5 15. f4 a4 16. Nc1 e4 17. Be2 Qa5 18. Qxa5 Rxa5 19. g4 Bd8 20. b4 axb3 21. Nxb3 Ra3 22. gxf5 Na6 23. Rab1 b6 24. Bd4 Rxa2 25. Rb2 Rxb2 26. Bxb2 Nac5 27. Nd4 Bf6 28. Kf2 Nb3 29. Nxb3 Bxb2 30. Ke3 Nf6 31. Rb1 Bc3 32. Nd4 Bxd4+ 33. Kxd4 Rb8 34. Ra1 Rb7 35. Ra8+ Kf7 36. Bd1 b5 37. c5 dxc5+ 38. Kxc5 Rc7+ 39. Kxb5 Ke7 40. Bb3 Ne8 41. Kb6 Rc3 42. Ba4 Nd6 43. Bc6 e3 44. Ra2 Nxf5 45. Kc7 Nd4 46. Rg2 Kf6 47. Rg1 e2 48. Re1 Rc2 49. Rb1 Rd2 50. d6 Rd1 0-1

[Event "XXVIII Open internazionale"]
[Site "Benasque SPA"]
[Date "2008.07.06"]
[Round "4"]
[White "ABERGEL, Thal"]
[Black "BAKLAN, Vladimir"]
[Result "0-1"]
[WhiteElo "2499"]
[BlackElo "2630"]
[PlyCount "70"]
[EventDate "2008.07.03"]
[Source "www.chesslib.no"]
[SourceDate "2004.05.04"]

1. e4 c5 2. Nf3 d6 3. d4 cxd4 4. Nxd4 Nf6 5. Nc3 Bd7 6. Bc4 e6 7. Bg5 Be7 8. h4 h6 9. Be3 Nc6 10. Bb3 O-O 11. Qe2 Nxd4 12. Bxd4 b5 13. f3 b4 14. Nd1 a5 15. c4 bxc3 16. Nxc3 a4 17. Bc4 Qa5 18. Kf2 Rfc8 19. Rac1 d5 20. Bd3 e5 21. Nxd5 Nxd5 22. Rxc8+ Rxc8 23. exd5 Re8 24. Bc3 Bc5+ 25. Ke1 Qb6 26. Kd2 Bd4 27. Rc1 f5 28. Bc4 e4 29. f4 a3 30. bxa3 e3+ 31. Ke1 Bxc3+ 32. Rxc3 Qa5 33. Qd3 e2 34. Qf3 Re4 35. Bxe2 Bb5 0-1

[Event "Boskovic mem"]
[Site "Belgrade"]
[Date "2000.10.08"]
[Round "5"]
[White "Xie Jun"]
[Black "Markovic, Miroslav"]
[Result "1/2-1/2"]
[WhiteElo "2568"]
[BlackElo "2558"]
[PlyCount "88"]
[EventDate "2000.10.03"]
[Source "ChessBase"]
[SourceDate "2001.01.25"]

1. e4 c5 2. Nf3 d6 3. d4 cxd4 4. Nxd4 Nf6 5. Nc3 Bd7 6. Bg5 e6 7. Qd2 a6 8. f3 Nc6 9. O-O-O Be7 10. Kb1 Rc8 11. g4 Ne5 12. h4 b5 13. Bd3 h5 14. Bxf6 gxf6 15. gxh5 Qb6 16. Nce2 Bf8 17. f4 Bh6 18. Rhf1 Rg8 19. Qe1 Nc6 20. Qf2 Nxd4 21. Nxd4 Qc5 22. Be2 Bc6 23. Nxc6 Qxf2 24. Rxf2 Rxc6 25. c3 Ke7 26. a3 Rc5 27. f5 Re5 28. Bf3 Rg3 29. Bg2 a5 30. Kc2 Rg4 31. Rdf1 exf5 32. exf5 Rxh4 33. Rh1 Rg4 34. Bf1 b4 35. Be2 Rge4 36. Bd3 Rg4 37. axb4 axb4 38. Ra1 bxc3 39. bxc3 Rh4 40. Ra7+ Kf8 41. Rd7 d5 42. Re2 Be3 43. Rg2 Bg5 44. Re2 Be3 1/2-1/2

[Event "Bosna i Hercegovina 82/(176)"]
[Site "?"]
[Date "2001.??.??"]
[Round "?"]
[White "Sax, Gy"]
[Black "Ivanisevic, I."]
[Result "1/2-1/2"]
[WhiteElo "2576"]
[BlackElo "2550"]
[PlyCount "35"]
[EventDate "2001.??.??"]
[Source "Chess Informant"]
[SourceDate "2001.06.01"]

1. e4 c5 2. Nf3 d6 3. d4 Nf6 4. Nc3 cxd4 5. Nxd4 Bd7 6. f3 e5 7. Nb3 Be7 8. Be3 O-O 9. Qd2 a5 10. a4 Be6 11. Bb5 Nc6 12. O-O Nb4 13. Qf2 Qc8 14. Rfd1 d5 15. exd5 Nfxd5 16. Nxd5 Bxd5 17. Nc5 Rd8 18. Rd2 1/2-1/2

[Event "RUS-chT"]
[Site "Tomsk"]
[Date "2001.05.17"]
[Round "5"]
[White "Lastin, Alexander"]
[Black "Ovetchkin, Roman"]
[Result "1-0"]
[WhiteElo "2627"]
[BlackElo "2497"]
[PlyCount "37"]
[EventDate "2001.05.13"]
[Source "ChessBase"]
[SourceDate "2001.07.03"]

1. e4 c5 2. Nf3 d6 3. d4 Nf6 4. Nc3 cxd4 5. Nxd4 Nc6 6. f3 Nxd4 7. Qxd4 g6 8. Bg5 Bg7 9. Bb5+ Bd7 10. Bxd7+ Qxd7 11. O-O-O h6 12. Be3 Qc6 13. Qd2 Qa6 14. Kb1 Rc8 15. Bd4 Rc4 16. Nd5 Nh5 17. Bxg7 Nxg7 18. b3 Rc5 19. Qd4 1-0

[Event "Tch-SWE 2002-3"]
[Site "Sweden"]
[Date "2003.03.15"]
[Round "10"]
[White "Hellers, Ferdinand"]
[Black "Markovic, Miroslav"]
[Result "0-1"]
[WhiteElo "2605"]
[BlackElo "2515"]
[PlyCount "62"]
[EventDate "2003.01.01"]
[Source "Roberto Alvarez"]
[SourceDate "2003.03.17"]

1. e4 c5 2. Nf3 d6 3. d4 cxd4 4. Nxd4 Nf6 5. Nc3 Bd7 6. Bg5 e6 7. Qd2 a6 8. f3 b5 9. O-O-O Be7 10. Be3 h5 11. Bd3 b4 12. Nce2 e5 13. Nf5 Bxf5 14. exf5 d5 15. Rhe1 Nbd7 16. Bg5 O-O 17. Ng3 Qb8 18. Nxh5 Rc8 19. Nxf6+ Bxf6 20. Kb1 a5 21. g4 e4 22. fxe4 Bc3 23. Qf2 Bxe1 24. Rxe1 a4 25. exd5 b3 26. f6 Ne5 27. fxg7 Nxd3 28. cxd3 a3 29. Bf6 Qb5 30. Rd1 bxa2+ 31. Ka1 Qb3 0-1

[Event "La Plata"]
[Site "La Plata"]
[Date "1997.??.??"]
[Round "1"]
[White "Spangenberg, Hugo"]
[Black "Sorokin, Maxim"]
[Result "1/2-1/2"]
[WhiteElo "2565"]
[BlackElo "2555"]
[PlyCount "53"]
[EventDate "1997.11.??"]
[Source "ChessBase"]
[SourceDate "1998.03.09"]

1. Nf3 c5 2. e4 d6 3. d4 Nf6 4. Nc3 cxd4 5. Nxd4 Nc6 6. f3 Nxd4 7. Qxd4 g6 8. Bg5 Bg7 9. Nd5 O-O 10. Bxf6 exf6 11. O-O-O f5 12. Qa4 fxe4 13. Qxe4 Be6 14. Kb1 Rc8 15. Qb4 Rc5 16. Nf4 Bf5 17. Bd3 Rc6 18. Qa3 Rb6 19. c3 Be6 20. Nxe6 fxe6 21. Bc4 d5 22. Bb3 Qb8 23. h4 Rf4 24. Qc5 Qf8 25. Qe3 Qf6 26. h5 g5 27. Rhe1 1/2-1/2

[Event "Minsk op"]
[Site "Minsk"]
[Date "1996.??.??"]
[Round "1"]
[White "Stripunsky, Alexander"]
[Black "Balashov, Alexey"]
[Result "1-0"]
[WhiteElo "2560"]
[BlackElo "2560"]
[PlyCount "45"]
[EventDate "1996.??.??"]
[Source "www.chesslib.no"]
[SourceDate "2004.05.04"]

1. e4 c5 2. Nf3 d6 3. d4 cxd4 4. Nxd4 Nf6 5. Nc3 Bd7 6. Bg5 e6 7. Ndb5 Bc6 8. Bxf6 gxf6 9. Qh5 a6 10. Nd4 Bd7 11. O-O-O Nc6 12. Nb3 b5 13. f4 Qc8 14. f5 Ke7 15. Be2 Qb7 16. Rhf1 b4 17. fxe6 fxe6 18. Rxf6 bxc3 19. Qg5 cxb2+ 20. Kb1 Kd8 21. Rxf8+ Kc7 22. Rf7 Ne5 23. Qxe5 1-0

[Event "Cup Yug M 2002"]
[Site "?"]
[Date "2002.05.15"]
[Round "3"]
[White "Spasov Vasil V"]
[Black "Ivanisevic Ivan"]
[Result "1-0"]
[WhiteElo "2572"]
[BlackElo "2547"]
[PlyCount "123"]
[EventDate "2002.??.??"]
[Source "www.chesslib.no"]
[SourceDate "2004.05.04"]

1. e4 c5 2. Nf3 d6 3. d4 Nf6 4. Nc3 cxd4 5. Nxd4 Bd7 6. Be3 Ng4 7. Bc1 Nf6 8. Bg5 e6 9. Qd2 a6 10. f3 Be7 11. O-O-O b5 12. h4 h6 13. Be3 h5 14. Kb1 Qc8 15. Bd3 Nc6 16. Nxc6 Qxc6 17. Ne2 Rb8 18. Nd4 Qc7 19. Bg5 a5 20. c3 Qb6 21. Be3 Qb7 22. Qf2 g6 23. Bg5 e5 24. Nc2 Be6 25. Ne3 Nd7 26. Bxe7 Kxe7 27. f4 exf4 28. Qxf4 b4 29. c4 f6 30. Bc2 Qb6 31. Nd5+ Bxd5 32. Rxd5 Nc5 33. Rhd1 Rbd8 34. Qe3 Rhf8 35. e5 fxe5 36. Bxg6 b3 37. a3 Qa6 38. Bxh5 Rf6 39. Qg3 Ne6 40. c5 Qc4 41. cxd6+ Kd7 42. Bg4 Rc8 43. Bxe6+ Rxe6 44. Qg7+ Kd8 45. Qg5+ Kd7 46. Ka1 Qc2 47. Qg7+ Kd8 48. Qf8+ Kd7 49. Qf7+ Kd8 50. Qf1 Kd7 51. Rb1 Rxd6 52. Rxe5 Rc4 53. Re2 Qd3 54. Qf7+ Kc6 55. Ree1 Kb6 56. Re6 Rcd4 57. Rxd6+ Rxd6 58. Qf4 Rd4 59. Rc1 Kb5 60. Qf7 Qc2 61. Qh5+ Kc4 62. Qe2+ 1-0

[Event "New York"]
[Site "?"]
[Date "1988.??.??"]
[Round "?"]
[White "Benjamin, Joel"]
[Black "Dlugy, M."]
[Result "1-0"]
[WhiteElo "2565"]
[BlackElo "2550"]
[PlyCount "57"]
[EventDate "1988.??.??"]
[Source "ChessBase"]
[SourceDate "1988.07.01"]

1. e4 c5 2. Nf3 Nc6 3. d4 cxd4 4. Nxd4 Nf6 5. Nc3 d6 6. Be3 Ng4 7. Bg5 Qb6 8. Bb5 Bd7 9. O-O Qxd4 10. Bxc6 Qxd1 11. Bxd7+ Kxd7 12. Raxd1 h6 13. Bc1 g5 14. Ne2 Rc8 15. c3 Bg7 16. Ng3 Be5 17. f3 Nf6 18. Nf5 Nh5 19. g3 Ng7 20. f4 gxf4 21. gxf4 Bf6 22. Ne3 e6 23. c4 Bd8 24. Kh1 Bb6 25. b3 Ke7 26. f5 Ne8 27. fxe6 fxe6 28. Ng4 h5 29. Ne5 1-0

[Event "XIII festival A"]
[Site "Zupanja CRO"]
[Date "2007.01.08"]
[Round "8.1"]
[White "Perunovic, Milos"]
[Black "Sedlak, Nikola"]
[Result "1/2-1/2"]
[WhiteElo "2547"]
[BlackElo "2561"]
[PlyCount "28"]
[EventDate "2007.01.03"]
[Source "www.chesslib.no"]
[SourceDate "2004.05.04"]

1. e4 c5 2. Nf3 d6 3. d4 cxd4 4. Nxd4 Nf6 5. Nc3 Bd7 6. Bg5 e6 7. Ndb5 Bc6 8. Bxf6 gxf6 9. Qh5 a6 10. Nd4 Qb6 11. O-O-O Qc5 12. Qh3 Bd7 13. f4 Nc6 14. Nb3 Qf2 1/2-1/2

[Event "TCh-SCG Men"]
[Site "Budva"]
[Date "2004.09.18"]
[Round "10"]
[White "Kovacevic, Aleksandar"]
[Black "Perunovic, Milos"]
[Result "1/2-1/2"]
[WhiteElo "2551"]
[BlackElo "2555"]
[PlyCount "192"]
[EventDate "2004.09.08"]
[Source "Roberto Alvarez"]
[SourceDate "2004.09.21"]

1. e4 c5 2. Nf3 Nc6 3. d4 cxd4 4. Nxd4 Nf6 5. Nc3 d6 6. f3 e5 7. Nb3 Be7 8. Be3 Be6 9. Nd5 Bxd5 10. exd5 Nb4 11. c4 a5 12. Qd2 b6 13. Be2 O-O 14. O-O Na6 15. Nc1 Nd7 16. Bd1 Nac5 17. Ne2 f5 18. Kh1 f4 19. Bg1 e4 20. Nxf4 Bg5 21. fxe4 Ne5 22. Be2 Qf6 23. g3 Qh6 24. Bxc5 bxc5 25. Rf2 a4 26. Raf1 Rfb8 27. Qc1 Bf6 28. Bd1 Rb4 29. b3 axb3 30. axb3 Rb7 31. Qc2 Rba7 32. Kg2 Ra1 33. h3 Qg5 34. Qe2 Qh6 35. Qh5 Qxh5 36. Nxh5 Bg5 37. Nf4 R8a2 38. Rxa2 Rxa2+ 39. Rf2 Ra1 40. Rf1 h6 41. Bg4 Ra2+ 42. Rf2 Ra1 43. Be6+ Kh7 44. Bf5+ g6 45. Nxg6 Nxg6 46. h4 Kg7 47. Bxg6 Be3 48. Rf3 Bd4 49. h5 Ra2+ 50. Kh3 Rf2 51. Rxf2 Bxf2 52. e5 dxe5 53. Kg4 Kf6 54. Kf3 Be1 55. g4 Bd2 56. Ke4 Ke7 57. Kxe5 Bc3+ 58. Kf5 Bd2 59. b4 cxb4 60. c5 Be3 61. c6 Kd6 62. Ke4 Bc1 63. Kd4 b3 64. Kc3 b2 65. Kc2 Kc7 66. Be4 Kd6 67. Kb3 Kc7 68. Kc3 Kd6 69. Bb1 Bf4 70. Kd4 Bg5 71. Ke4 Bd2 72. Kf5 Bg5 73. Ba2 Bd2 74. Kg6 Bf4 75. Kf7 Bg5 76. Ke8 Bh4 77. Kf7 Bg5 78. Kg6 Bd2 79. Kf5 Bg5 80. Ke4 Bc1 81. Kd4 Bg5 82. Kc4 Be3 83. Bb1 Kc7 84. Kb5 Bf4 85. Ka6 Be3 86. Bc2 Bd4 87. Bd3 Bf6 88. Be4 Be7 89. Kb5 Bd8 90. Bd3 Kd6 91. Kc4 Bg5 92. Be4 Kc7 93. Bb1 Kd6 94. Kd4 Bf6+ 95. Ke4 Bg5 96. Kf5 Bd2 1/2-1/2

[Event "Russia 86/191"]
[Site "?"]
[Date "2002.??.??"]
[Round "?"]
[White "Tseshkovsky, V."]
[Black "Sherbakov, R."]
[Result "1/2-1/2"]
[WhiteElo "2554"]
[BlackElo "2549"]
[PlyCount "90"]
[EventDate "2002.??.??"]
[Source "Chess Informant"]
[SourceDate "2002.10.01"]

1. e4 c5 2. Nf3 Nc6 3. d4 cxd4 4. Nxd4 Nf6 5. Nc3 d6 6. f3 e5 7. Nb3 Be7 8. Be3 O-O 9. Qd2 a5 10. Bb5 Be6 11. Rd1 Na7 12. Bd3 Nc8 13. a4 Nb6 14. Qf2 Nc4 15. Bc1 Qc8 16. O-O Bd8 17. Kh1 Bb6 18. Qe1 h6 19. Na1 Qc5 20. Nb5 Rad8 21. c3 d5 22. b3 dxe4 23. Bxc4 Bxc4 24. Ba3 Qc6 25. bxc4 exf3 26. gxf3 e4 27. Nd4 Bxd4 28. cxd4 Rfe8 29. Qe2 Qxa4 30. Bc5 exf3 31. Qxf3 Qxc4 32. Nb3 Re2 33. Nc1 Re6 34. Nd3 b6 35. Nf4 bxc5 36. Rc1 Qa6 37. Nxe6 Qxe6 38. dxc5 Ne4 39. Rfe1 f5 40. c6 Rc8 41. c7 Qe5 42. Qb3+ Kh7 43. Qb7 Qf4 44. Rf1 Qd2 45. Qxc8 Nf2+ 1/2-1/2

[Event "Wichern Open 3rd"]
[Site "Hamburg GER"]
[Date "1995.??.??"]
[Round "8"]
[White "Jansa, Vlastimil"]
[Black "Kengis, Edvins"]
[Result "0-1"]
[WhiteElo "2525"]
[BlackElo "2575"]
[PlyCount "98"]
[EventDate "1995.09.??"]
[Source "www.chesslib.no"]
[SourceDate "2004.05.04"]

1. e4 c5 2. Nf3 d6 3. d4 cxd4 4. Nxd4 Nf6 5. Nc3 Bd7 6. f3 e5 7. Nb3 Bc6 8. Be3 Be7 9. Qd2 a5 10. a4 Na6 11. O-O-O Nb4 12. Qf2 O-O 13. g4 Qe8 14. g5 Nh5 15. Nb5 Rc8 16. Bh3 Bxb5 17. Bxc8 Bxa4 18. Bg4 Qb5 19. Na1 Na2+ 20. Kb1 Nc3+ 21. Kc1 Nxd1 22. Rxd1 Nf4 23. b3 Bxg5 24. bxa4 Qxa4 25. Nb3 Qa3+ 26. Kb1 a4 27. Nc1 Nh3 28. Bxh3 Bxe3 29. Qe2 Bd4 30. Rxd4 exd4 31. Nd3 Ra8 32. Nb2 Qc5 33. Ka2 a3 34. Nd1 Ra6 35. Bd7 Rb6 36. Ba4 Ra6 37. Bb3 Ra8 38. Qc4 Qxc4 39. Bxc4 Rc8 40. Bd3 Rc5 41. Nf2 Ra5 42. Bc4 Rh5 43. Ng4 Kf8 44. Bf1 Rc5 45. Bd3 h5 46. Nf2 Rg5 47. Nh1 Rg2 48. h4 g5 49. hxg5 h4 0-1

[Event "MTO"]
[Site "Biel"]
[Date "2003.07.27"]
[Round "6"]
[White "Pavlovic, Milos"]
[Black "Sedlak, Nikola"]
[Result "1/2-1/2"]
[WhiteElo "2569"]
[BlackElo "2528"]
[PlyCount "60"]
[EventDate "2003.07.19"]
[Source "Roberto Alvarez"]
[SourceDate "2003.07.28"]

1. e4 c5 2. Nf3 d6 3. d4 cxd4 4. Nxd4 Nf6 5. Nc3 Bd7 6. Bg5 e6 7. Bxf6 Qxf6 8. Ndb5 Bxb5 9. Bxb5+ Nc6 10. O-O Be7 11. Re1 O-O 12. Bxc6 bxc6 13. e5 dxe5 14. Ne4 Qg6 15. Qd7 Rae8 16. Qxc6 f5 17. Nd6 Bxd6 18. Qxd6 f4 19. Qd3 Qxd3 20. cxd3 Rb8 21. b3 Rb5 22. Kf1 Rd8 23. Rac1 Ra5 24. Rc3 Rxa2 25. Rxe5 Rd2 26. Rxe6 R8xd3 27. Rxd3 Rxd3 28. Re8+ Kf7 29. Rb8 f3 30. gxf3 Rxf3 1/2-1/2

[Event "Christmas Open"]
[Site "Zadar"]
[Date "2003.12.21"]
[Round "9"]
[White "Zelcic, Robert"]
[Black "Sedlak, Nikola"]
[Result "0-1"]
[WhiteElo "2552"]
[BlackElo "2543"]
[PlyCount "82"]
[EventDate "2003.12.15"]
[Source "Roberto Alvarez"]
[SourceDate "2003.12.22"]

1. e4 c5 2. Nf3 d6 3. d4 cxd4 4. Nxd4 Nf6 5. Nc3 Bd7 6. Bg5 e6 7. Ndb5 Bc6 8. Bf4 e5 9. Bg5 a6 10. Bxf6 gxf6 11. Na3 f5 12. Qh5 b5 13. Nd5 Bxd5 14. exd5 Qf6 15. c3 Nd7 16. g3 Qg6 17. Qe2 Bg7 18. Nc2 Nc5 19. Ne3 e4 20. Bh3 f4 21. Nf5 Be5 22. O-O-O f3 23. Qe3 a5 24. Kb1 Qf6 25. g4 h6 26. Ng3 Bxg3 27. hxg3 b4 28. cxb4 Rb8 29. Rd4 Rxb4 30. Rxb4 axb4 31. Bf1 Ke7 32. Bb5 Qg7 33. Rc1 Qe5 34. Bc4 h5 35. gxh5 Rxh5 36. Re1 Kf8 37. Qd2 Rh2 38. g4 Kg7 39. Rf1 e3 40. Qxe3 Qxe3 41. fxe3 Ne4 0-1

[Event "Zlatibor"]
[Site "?"]
[Date "2006.09.02"]
[Round "8"]
[White "Tseshkovsky Vitaly"]
[Black "Sedlak Nikola"]
[Result "0-1"]
[WhiteElo "2576"]
[BlackElo "2519"]
[PlyCount "78"]
[EventDate "2006.??.??"]
[Source "www.chesslib.no"]
[SourceDate "2004.05.04"]

1. e4 c5 2. Nf3 d6 3. d4 cxd4 4. Nxd4 Nf6 5. Nc3 Bd7 6. Be2 Bc6 7. O-O e6 8. Re1 Be7 9. Bf1 O-O 10. a4 a6 11. g3 Bd7 12. a5 Nc6 13. Nb3 Nb4 14. Bg2 e5 15. Na4 Bg4 16. Qd2 Nc6 17. Nb6 Rb8 18. h3 Be6 19. Nd5 Rc8 20. Qe2 Nd7 21. c3 Bg5 22. Bxg5 Qxg5 23. Nd2 Qh6 24. Nc4 Bxd5 25. exd5 Ne7 26. Ra4 f5 27. Rb4 Rc7 28. Nb6 e4 29. Nxd7 Rxd7 30. c4 Rc8 31. Rb6 Qf6 32. Rd1 Ng6 33. b3 Ne5 34. h4 Rc5 35. Qd2 Rdc7 36. Qg5 Qf8 37. Ra1 h6 38. Qh5 Kh7 39. Ra2 Nf3+ 0-1

[Event "300 Years"]
[Site "St Petersburg"]
[Date "2003.10.25"]
[Round "8"]
[White "Vokarev, Sergey"]
[Black "Miroshnichenko, Evgenij"]
[Result "1/2-1/2"]
[WhiteElo "2521"]
[BlackElo "2571"]
[PlyCount "145"]
[EventDate "2003.10.18"]
[Source "Roberto Alvarez"]
[SourceDate "2003.10.27"]

1. e4 c5 2. Nf3 Nc6 3. d4 cxd4 4. Nxd4 Nf6 5. Nc3 d6 6. f3 e5 7. Nb3 Be7 8. Be3 O-O 9. Qd2 a5 10. Bb5 Na7 11. Bd3 Be6 12. Rd1 Nc8 13. a4 Nb6 14. Qf2 Nfd7 15. O-O Nc4 16. Bc1 Kh8 17. Rfe1 Rc8 18. Kh1 Ndb6 19. Nd2 Nxd2 20. Bxd2 Nc4 21. Bc1 g6 22. b3 Nb6 23. Nb5 Nd7 24. Bb2 f6 25. Bf1 Rc6 26. Rd2 Nc5 27. Red1 b6 28. Na3 Qb8 29. Bb5 Rcc8 30. Qe2 Rcd8 31. Bc4 Bc8 32. Nb5 h6 33. Nc3 Rd7 34. Bb5 Ra7 35. Nd5 Bd8 36. Ne3 Be7 37. Nd5 Bd8 38. Nc3 Be7 39. Bc6 Ba6 40. Qe3 Kg7 41. Nb5 Bxb5 42. Bxb5 Rc7 43. Rf2 Qc8 44. Qe2 Rd8 45. Ba1 Ne6 46. Ba6 Qa8 47. Bc4 Nf4 48. Qf1 d5 49. exd5 Nxd5 50. Rd3 Nb4 51. Rdd2 Bc5 52. Qd1 Nc6 53. Rxd8 Qxd8 54. Rd2 Qe7 55. Bb2 h5 56. Rd3 Nd4 57. Qd2 Nf5 58. Bc1 h4 59. Qe1 Rd7 60. g4 hxg3 61. hxg3 Rxd3 62. Bxd3 Qd7 63. g4 Nd6 64. Kg2 Qe6 65. Qh4 Nf7 66. Qe1 Nd6 67. Qd2 g5 68. Be2 e4 69. Bb2 e3 70. Qe1 Nf7 71. Bd3 Ne5 72. Bxe5 Qxe5 73. Qg3 1/2-1/2